[Event "Schachfestival 2024-Open"]
[Site "Bad Woerishofen "]
[Date "2024.03.10"]
[Round "2.1"]
[White "Kindtner Ulrich"]
[Black "Li Di"]
[Result "0-1"]
[WhiteElo "2157"]
[BlackElo "2567"]
[Annotator "wempe"]
[PlyCount "46"]
[EventDate "2024.??.??"]
[WhiteTeam "Muenchener SC 1836 e.V."]

{[%evp 0,46,19,38,40,6,19,21,18,9,16,16,21,7,27,-57,-7,-21,4,-16,-18,-23,-15,-15,-20,-15,-9,-51,14,-65,-71,-57,-60,-60,-60,-71,-84,-407,-485,-484,-488,-488,-382,-551,-569,-581,-584,-607,-598]} 1. e4 c5 2. c3 Nf6 3. e5 Nd5 4. d4 cxd4 5. cxd4 d6 6. Nf3 Nc6 7. a3 dxe5 8. dxe5 g6 9. Bc4 Be6 10. O-O Bg7 11. Qe2 Qd7 12. Rd1 Rd8 13. Qe1 Qc8 14. Bg5 h6 15. Bh4 O-O 16. Nbd2 Nf4 17. Qe4 Bxc4 18. Nxc4 Qg4 19. Nfd2 Rd4 20. Qf3 Qxf3 21. gxf3 Nh3+ 22. Kg2 Rxh4 23. Kg3 g5 0-1

[Event "Schachfestival 2024-Open"]
[Site "Bad Woerishofen "]
[Date "2024.03.10"]
[Round "2.2"]
[White "Kunin Vitaly"]
[Black "De Francesco Klaus"]
[Result "1/2-1/2"]
[WhiteElo "2521"]
[BlackElo "2117"]
[Annotator "wempe"]
[PlyCount "33"]
[EventDate "2024.??.??"]
[BlackTeam "SK Weilheim"]

{[%evp 0,33,28,28,21,-16,25,30,45,2,18,-10,-4,13,23,-18,11,4,30,-62,-40,-40,-19,-132,-127,-152,-173,-173,-132,-161,-154,-193,-164,-160,-205,-224]} 1. d4 d5 2. c4 c6 3. Nf3 e6 4. Qc2 Nf6 5. Bg5 Nbd7 6. Nbd2 h6 7. Bh4 Qa5 8. a3 Ne4 9. Rd1 g5 10. Bg3 h5 11. c5 h4 12. Bd6 Nxd6 13. cxd6 g4 14. Ng1 Bxd6 15. e4 dxe4 16. Qxe4 Nf6 17. Qc2 1/2-1/2

[Event "Schachfestival 2024-Open"]
[Site "Bad Woerishofen "]
[Date "2024.03.10"]
[Round "2.3"]
[White "Arndt Stefan"]
[Black "Bharath Subramaniyam H"]
[Result "0-1"]
[WhiteElo "2155"]
[BlackElo "2530"]
[Annotator "wempe"]
[PlyCount "86"]
[EventDate "2024.??.??"]
[WhiteTeam "Schachgemeinschaft Ennepe-Ruhr-Sued"]

{[%evp 0,86,25,27,27,30,49,24,33,5,27,24,30,25,15,20,38,10,26,30,36,20,28,-9,-8,-19,14,4,1,7,1,8,8,0,0,10,18,3,12,3,12,18,19,29,20,-1,12,9,32,32,33,10,30,8,-34,-47,-57,-52,-25,-23,-23,-40,-4,-2,-2,0,-16,-12,-12,-28,-24,-50,-30,-30,-40,-40,-43,-24,-49,-205,-197,-250,-264,-307,-326,-388,190,-401,-274]} 1. d4 Nf6 2. Nf3 b6 3. c4 Bb7 4. e3 e6 5. Bd3 Bb4+ 6. Nbd2 O-O 7. O-O d6 8. Qe2 Nbd7 9. e4 a5 10. Rd1 e5 11. d5 a4 12. Nf1 Bc8 13. Ng3 Nc5 14. Bc2 Bd7 15. h3 h6 16. Nf5 a3 17. b3 Re8 18. g4 Bxf5 19. exf5 Bc3 20. Rb1 Na6 21. Bxa3 e4 22. Nd4 Bxd4 23. Rxd4 Nc5 24. Bb2 Rxa2 25. b4 Ncd7 26. Bxe4 Qa8 27. f3 Qa4 28. Qd2 Nxe4 29. Rxe4 Rxe4 30. fxe4 Qb3 31. Qc3 Qxc3 32. Bxc3 Rc2 33. Rb3 Re2 34. e5 dxe5 35. c5 bxc5 36. bxc5 Nxc5 37. Rb8+ Kh7 38. Rc8 Re3 39. Rxc7 Rxc3 40. d6 Rg3+ 41. Kh2 Ne4 42. f6 Nxf6 43. Rxf7 Kg6 0-1

[Event "Schachfestival 2024-Open"]
[Site "Bad Woerishofen "]
[Date "2024.03.10"]
[Round "2.4"]
[White "Leniart Arkadiusz"]
[Black "Schneider Heiko"]
[Result "1-0"]
[WhiteElo "2503"]
[BlackElo "2146"]
[Annotator "wempe"]
[PlyCount "58"]
[EventDate "2024.??.??"]
[BlackTeam "Freibauer Moerlenbach"]

{[%evp 0,58,27,40,40,64,69,69,69,81,61,55,50,30,81,36,51,30,164,172,198,191,174,174,174,158,158,158,245,276,292,278,293,173,162,188,190,187,187,163,191,198,202,200,226,187,213,158,150,169,174,174,179,180,247,194,235,248,247,223,223]} 1. e4 c5 2. Nf3 d6 3. Nc3 Nf6 4. Bc4 a6 5. d4 cxd4 6. Nxd4 Nbd7 7. f3 e6 8. Be3 b5 9. Bxe6 fxe6 10. Nxe6 Qa5 11. a3 b4 12. axb4 Qxb4 13. Nc7+ Kd8 14. Nxa8 Qb7 15. e5 Qxb2 16. Na4 Qxe5 17. Qd4 Nd5 18. Qxe5 dxe5 19. Bd2 Bd6 20. Rb1 N7f6 21. N8b6 Bf5 22. Nxd5 Nxd5 23. Ba5+ Ke7 24. Rb7+ Ke6 25. c4 Nf4 26. Rb6 Ke7 27. c5 Nd3+ 28. Ke2 Nxc5 29. Rxd6 Nxa4 1-0

[Event "Schachfestival 2024-Open"]
[Site "Bad Woerishofen "]
[Date "2024.03.10"]
[Round "2.5"]
[White "Kovchan Alexander"]
[Black "De Santis Alessio"]
[Result "1/2-1/2"]
[WhiteElo "2477"]
[BlackElo "2136"]
[Annotator "wempe"]
[PlyCount "94"]
[EventDate "2024.??.??"]
[WhiteTeam "SC 1919 Siegburg e. V."]
[BlackTeam "Wasken Boys Lodi"]

{[%evp 0,94,27,31,63,58,60,54,51,29,20,28,49,53,23,32,46,36,30,7,37,15,42,28,48,41,36,51,75,82,72,69,91,88,81,61,49,26,32,33,48,54,83,76,80,88,81,76,77,31,41,16,21,8,-9,-20,-23,-7,-9,-42,34,-30,0,-47,-9,-82,-82,-77,-62,-105,-92,-131,-106,-128,-121,-121,-79,-144,-128,-156,-180,-172,-89,-114,-142,-236,-273,-242,-220,-198,-203,-214,-186,-171,-160,-140,-130]} 1. e4 b6 2. d4 Bb7 3. Bd3 Nf6 4. Qe2 Nc6 5. c3 e5 6. Nf3 d6 7. d5 Ne7 8. Bg5 Nd7 9. h4 h6 10. Bd2 a6 11. c4 Ng6 12. g3 Be7 13. Nc3 Bc8 14. Bc2 Bf6 15. h5 Ngf8 16. Nh4 Bxh4 17. Rxh4 Nh7 18. Nd1 O-O 19. Ne3 Ndf6 20. O-O-O b5 21. Bc3 Re8 22. f4 exf4 23. Rxf4 Nd7 24. a3 Ne5 25. cxb5 axb5 26. Nf5 Qg5 27. Bd2 Nc4 28. Nd4 Nxd2 29. Qxd2 Bd7 30. g4 Qe7 31. Re1 Ng5 32. Nc6 Bxc6 33. dxc6 Qe5 34. Rf5 Qg3 35. Qe3 Qxg4 36. Rxb5 Qxh5 37. Rf1 Qh3 38. Qf4 Re7 39. Rf5 Rae8 40. a4 Ne6 41. Qf2 Ng5 42. Qf4 Rxe4 43. Bxe4 Rxe4 44. Qd2 Rxa4 45. Kb1 Qb3 46. Qd5 Qxd5 47. Rxd5 Ra6 1/2-1/2

[Event "Schachfestival 2024-Open"]
[Site "Bad Woerishofen "]
[Date "2024.03.10"]
[Round "2.6"]
[White "Pitschka Claus"]
[Black "Zhao Yuanhe"]
[Result "1/2-1/2"]
[WhiteElo "2105"]
[BlackElo "2461"]
[Annotator "wempe"]
[PlyCount "43"]
[EventDate "2024.??.??"]
[WhiteTeam "SC Garching"]

{[%evp 0,43,27,30,30,13,39,39,40,3,7,-32,18,21,16,6,-11,-19,9,15,21,8,-2,-4,4,-7,23,25,30,29,26,23,57,74,79,63,101,127,141,107,102,93,90,85,87,88]} 1. d4 Nf6 2. Bf4 g6 3. Nc3 d5 4. Qd2 Bg7 5. f3 c5 6. dxc5 Nc6 7. e3 O-O 8. O-O-O Qa5 9. Kb1 Qxc5 10. Na4 Qa5 11. Qxa5 Nxa5 12. Nc3 Be6 13. g4 Rfc8 14. Nge2 Nc4 15. Nd4 Bd7 16. g5 Nh5 17. Nxd5 Kf8 18. Bg3 b6 19. Bxc4 Rxc4 20. Nb3 Rac8 21. c3 Bh3 22. Rhg1 1/2-1/2

[Event "Schachfestival 2024-Open"]
[Site "Bad Woerishofen "]
[Date "2024.03.10"]
[Round "2.7"]
[White "Muthaiah AL"]
[Black "Schroeder Wilfried"]
[Result "1-0"]
[WhiteElo "2454"]
[BlackElo "2123"]
[Annotator "wempe"]
[PlyCount "81"]
[EventDate "2024.??.??"]
[BlackTeam "SV Wattenscheid 1930 e. V."]

{[%evp 0,81,30,30,30,-23,0,-30,-28,-12,14,-6,17,3,24,19,12,25,14,-5,5,-5,29,13,37,-10,-5,7,19,26,41,49,45,55,56,48,41,25,41,20,64,47,52,45,51,38,38,15,16,17,21,23,38,11,16,-13,-3,8,-2,0,27,26,46,44,37,54,46,66,66,57,56,42,62,36,54,48,56,52,64,90,110,119,118,118]} 1. Nf3 d5 2. c4 e6 3. g3 Nf6 4. Bg2 Be7 5. O-O O-O 6. d4 c6 7. Qc2 Nbd7 8. Nbd2 b6 9. e4 Bb7 10. e5 Ne8 11. cxd5 cxd5 12. Re1 Rc8 13. Qd1 Qc7 14. Nf1 Qc2 15. Qxc2 Rxc2 16. Ne3 Rc8 17. Bd2 Nc7 18. Bf1 Nb8 19. Rec1 Nca6 20. a3 Rxc1 21. Rxc1 Rc8 22. Rxc8+ Bxc8 23. Ne1 Nc7 24. f4 Nc6 25. Nf3 f5 26. exf6 gxf6 27. g4 Bd6 28. f5 Bf4 29. fxe6 Bxe6 30. h3 Na5 31. Kf2 Nb3 32. Bc3 Ne8 33. Nd2 Nxd2 34. Bxd2 Nd6 35. Kf3 Bg5 36. Bd3 Kg7 37. Bb4 Nc4 38. Nxc4 dxc4 39. Bf5 Bxf5 40. gxf5 Bc1 41. Bc3 1-0

[Event "Schachfestival 2024-Open"]
[Site "Bad Woerishofen "]
[Date "2024.03.10"]
[Round "2.8"]
[White "Babar Michael"]
[Black "Harikrishnan.A.Ra"]
[Result "0-1"]
[WhiteElo "2093"]
[BlackElo "2448"]
[Annotator "wempe"]
[PlyCount "64"]
[EventDate "2024.??.??"]
[WhiteTeam "SF Luenen 1993 e. V."]

{[%evp 0,64,30,30,30,-4,30,23,32,8,8,-30,-10,-9,6,-1,18,13,14,5,12,9,9,-7,-20,-22,12,-16,11,8,14,5,7,-45,-40,-66,-51,-50,-22,-24,-28,-76,-43,-51,-51,-42,-52,-53,-52,-78,-69,-61,-59,-100,-90,-78,-80,-74,-56,-86,-87,-113,-99,-127,-127,-121,-115]} 1. d4 d5 2. c4 c6 3. Nc3 Nf6 4. Nf3 dxc4 5. a4 Bf5 6. e3 e6 7. Bxc4 Bb4 8. O-O O-O 9. Bd3 Bxd3 10. Qxd3 Nbd7 11. Ne4 Nxe4 12. Qxe4 Qa5 13. Rd1 Rfd8 14. Bd2 Bxd2 15. Rxd2 Rac8 16. Qb1 Ne5 17. Rd1 Nxf3+ 18. gxf3 Qh5 19. Qe4 Rd5 20. h4 Rf5 21. Kg2 Rf6 22. Rh1 Rg6+ 23. Kf1 Qa5 24. Qd3 Rd8 25. h5 Rh6 26. Ke2 Rxh5 27. b4 Qg5 28. Rxh5 Qxh5 29. Qc4 a6 30. Rb1 Qd5 31. Qc2 g6 32. Rd1 a5 0-1

[Event "Schachfestival 2024-Open"]
[Site "Bad Woerishofen "]
[Date "2024.03.10"]
[Round "2.9"]
[White "A R Ilamparthi"]
[Black "Engesser Jonas"]
[Result "1-0"]
[WhiteElo "2426"]
[BlackElo "2089"]
[Annotator "wempe"]
[PlyCount "55"]
[EventDate "2024.??.??"]
[WhiteTeam "Chess Thulir"]
[BlackTeam "SC Garching"]

{[%evp 0,55,30,23,44,44,70,61,61,49,49,29,43,41,68,39,41,36,47,51,51,24,55,-14,0,10,-4,-21,-23,-37,-33,-18,-26,-40,23,27,27,27,80,72,58,83,131,76,76,95,85,70,65,41,167,195,233,263,347,377,29997,29998]} 1. e4 c5 2. Nf3 d6 3. d4 cxd4 4. Nxd4 Nf6 5. Nc3 a6 6. Be3 e5 7. Nb3 Be7 8. h3 h6 9. Qf3 b5 10. O-O-O Qc7 11. g4 b4 12. Nd5 Nxd5 13. exd5 a5 14. Kb1 a4 15. Nd2 Nd7 16. Bb5 Ra5 17. Bc6 O-O 18. Nc4 Rc5 19. Bxc5 Nxc5 20. h4 a3 21. g5 axb2 22. gxh6 g6 23. h5 Kh7 24. Rhg1 g5 25. Nxe5 dxe5 26. d6 Bxd6 27. Qf6 Ne6 28. Be4+ 1-0

[Event "Schachfestival 2024-Open"]
[Site "Bad Woerishofen "]
[Date "2024.03.10"]
[Round "2.10"]
[White "Gohla Ulf"]
[Black "Xiang Zeyu"]
[Result "0-1"]
[WhiteElo "2074"]
[BlackElo "2418"]
[Annotator "wempe"]
[PlyCount "88"]
[EventDate "2024.??.??"]
[WhiteTeam "SV Wattenscheid"]

{[%evp 0,88,30,30,30,-4,32,30,39,14,34,18,20,25,24,12,33,18,38,34,43,37,32,32,32,31,37,8,6,9,19,4,31,18,45,33,38,20,29,8,18,-9,9,21,24,14,15,-13,-6,-23,0,-24,-14,-17,-18,-41,-29,-13,-20,7,-17,-34,-36,-70,-20,-74,-43,-30,-49,-84,-69,-151,-92,-117,-111,-135,-150,-179,-100,-115,-101,-96,-95,-481,-517,-517,-512,-622,-750,-819,-827]} 1. d4 d5 2. c4 c6 3. Nf3 Nf6 4. Nc3 e6 5. Bg5 Nbd7 6. cxd5 exd5 7. e3 h6 8. Bh4 g5 9. Bg3 Nh5 10. Bd3 Nxg3 11. hxg3 Bg7 12. Qc2 Nb6 13. Na4 Nxa4 14. Qxa4 Be6 15. Rc1 a5 16. Qb3 Ra7 17. Qc2 a4 18. O-O Qd6 19. Qc3 O-O 20. Ne5 f6 21. Nf3 Raa8 22. Qc2 Qd7 23. Qc5 Rf7 24. Bg6 Re7 25. Bb1 Bf8 26. Qc2 Rg7 27. Ne1 a3 28. b3 Rc8 29. Nd3 b6 30. Qd2 Bd6 31. Qe2 h5 32. f4 Bg4 33. Qf2 Qe7 34. Ne1 Bd7 35. Nd3 Re8 36. Rfe1 Qe6 37. Qf3 h4 38. fxg5 Bxg3 39. gxf6 Bxe1 40. Rxe1 Rf8 41. fxg7 Rxf3 42. gxf3 Qh3 43. Re2 Qxf3 44. Nf4 Bg4 0-1

[Event "Schachfestival 2024-Open"]
[Site "Bad Woerishofen "]
[Date "2024.03.10"]
[Round "2.12"]
[White "Weber Benedikt"]
[Black "Milov Leonid"]
[Result "0-1"]
[WhiteElo "2071"]
[BlackElo "2415"]
[Annotator "wempe"]
[PlyCount "139"]
[EventDate "2024.??.??"]
[WhiteTeam "Reideburger SV 90 Halle"]
[BlackTeam "SC Noris-Tarrasch Nuernberg 1873 e.V."]

{[%evp 0,115,30,40,45,54,59,59,51,28,53,45,75,70,81,67,45,43,73,41,40,41,41,44,48,43,31,35,19,3,18,1,9,-2,-2,-46,1,35,32,-18,-17,-20,-20,-74,-21,-35,-7,-8,-8,-18,-20,-22,35,33,31,4,22,15,0,-5,0,-56,-38,-36,-51,-77,-77,-90,-90,-83,-4,-7,-12,-14,-16,-44,-17,0,0,0,0,0,0,-178,0,0,0,0,0,0,0,-76,0,-5,0,-71,0,-49,-59,-64,-76,-76,-62,-55,0,0,0,-103,-107,-117,-107,-111,-115,-115,-111,-121,-123,-111]} 1. e4 c5 2. Nf3 e6 3. Nc3 Nc6 4. d4 cxd4 5. Nxd4 Qc7 6. Be3 a6 7. Bd3 Nf6 8. O-O Ne5 9. h3 Bc5 10. Qd2 d6 11. f4 Ng6 12. Nb3 Bxe3+ 13. Qxe3 O-O 14. Rae1 b5 15. a4 b4 16. Na2 Rb8 17. a5 Bd7 18. Bxa6 Ba4 19. Bd3 Bxb3 20. cxb3 Qxa5 21. Bb1 Rfd8 22. Nc1 d5 23. e5 Ne4 24. Bxe4 dxe4 25. Qxe4 Ne7 26. Rd1 h5 27. Ne2 Nf5 28. Kh2 h4 29. Rfe1 Qb6 30. Ng1 Qf2 31. Qf3 Qxb2 32. Rxd8+ Rxd8 33. Rd1 Rxd1 34. Qxd1 Qxg2+ 35. Kxg2 Ne3+ 36. Kf3 Nxd1 37. Ke2 Nc3+ 38. Kd3 Nd5 39. Ke4 Ne7 40. Nf3 Nc6 41. Nd4 Ne7 42. Nf3 Kh7 43. Nxh4 Nc6 44. Nf3 Kg6 45. Nd4 Ne7 46. Nc2 Nc6 47. Nd4 Na5 48. Nc2 Kh5 49. Kf3 Kh4 50. Ke2 g5 51. fxg5 Kxg5 52. Nxb4 Kf5 53. Nd3 Nxb3 54. Kf3 Nd4+ 55. Ke3 Nc6 56. Nc5 Nxe5 57. Ne4 Nc4+ 58. Kf3 Kg6 59. Nc5 Kg5 60. Ke4 Kf6 61. h4 Nd6+ 62. Kf4 e5+ 63. Kg4 Kg6 64. Nd3 f5+ 65. Kg3 Nf7 66. Ne1 f4+ 67. Kg4 Nh6+ 68. Kf3 Nf5 69. Kg2 e4 70. Kh3 0-1

[Event "Schachfestival 2024-Open"]
[Site "Bad Woerishofen "]
[Date "2024.03.10"]
[Round "2.16"]
[White "Arnold Max"]
[Black "Neuhoff Laertes"]
[Result "0-1"]
[WhiteElo "2290"]
[BlackElo "2003"]
[Annotator "wempe"]
[PlyCount "58"]
[EventDate "2024.??.??"]
[WhiteTeam "SK 1926 Ettlingen"]

{[%evp 0,58,30,13,48,59,51,45,18,21,45,47,43,40,40,45,45,28,67,13,6,9,9,-2,17,-27,12,24,21,46,26,19,32,38,25,19,54,45,56,26,39,30,57,44,38,19,33,-54,44,27,27,35,26,29,42,13,12,-7,19,10,3]} 1. e4 c5 2. Nf3 Nc6 3. d4 cxd4 4. Nxd4 Nf6 5. Nc3 e5 6. Ndb5 d6 7. Nd5 Nxd5 8. exd5 Nb8 9. a4 a6 10. Na3 Be7 11. Bd2 Nd7 12. a5 O-O 13. Nc4 f5 14. Be2 Qc7 15. Bb4 Nc5 16. Nb6 Rb8 17. O-O e4 18. Ra3 Bf6 19. Bc3 Nd7 20. Nc4 Re8 21. Bxf6 Nxf6 22. Qd4 Bd7 23. Qb6 Nxd5 24. Qxc7 Nxc7 25. Nxd6 Re5 26. Rd1 Nb5 27. Bxb5 Bxb5 28. c4 Bc6 29. b4 Rd8 0-1

[Event "Schachfestival 2024-Open"]
[Site "Bad Woerishofen "]
[Date "2024.03.10"]
[Round "2.17"]
[White "Edelmann Oliver"]
[Black "Senthil Maran K"]
[Result "0-1"]
[WhiteElo "1930"]
[BlackElo "2301"]
[Annotator "wempe"]
[PlyCount "106"]
[EventDate "2024.??.??"]
[WhiteTeam "Sk Graefelfing"]

{[%evp 0,106,30,30,30,-18,-10,-5,4,6,34,38,55,25,32,17,33,25,25,25,44,10,14,13,13,1,0,-17,17,10,46,61,53,-36,-30,-29,-30,-52,-7,-118,-47,35,30,0,8,50,46,-108,-80,-82,93,281,286,295,306,93,112,-61,154,108,104,104,99,70,92,66,50,-70,-47,-45,-23,-8,-92,-85,-84,-68,-97,-135,-66,-59,-56,-57,-41,-56,-41,-39,-25,-25,-29,-36,-42,-42,-32,-224,-201,-191,-179,-186,-183,-168,-168,-168,-168,-197,-172,-172,-210,-210,-200]} 1. d4 d5 2. c4 e6 3. Nc3 Nf6 4. Nf3 c6 5. e3 Nbd7 6. a3 Bd6 7. Be2 dxc4 8. Bxc4 O-O 9. O-O b5 10. Ba2 Bb7 11. e4 e5 12. Bg5 h6 13. Bh4 exd4 14. Qxd4 Bc5 15. Qd3 Qe7 16. Kh1 Rad8 17. Qe2 Rfe8 18. Rae1 g5 19. Nxg5 hxg5 20. Bxg5 Qf8 21. f4 Be7 22. Rf3 Nh7 23. Rh3 Bxg5 24. fxg5 Qg7 25. g6 Qxg6 26. Rg3 Ng5 27. h4 Re5 28. Rf1 Rf8 29. Rf5 Qxf5 30. exf5 Rxe2 31. Nxe2 Re8 32. hxg5 c5 33. Nf4 c4 34. g6 Re1+ 35. Kh2 Rf1 36. gxf7+ Kxf7 37. Ne6 Kf6 38. Rg7 Bc6 39. Rh7 Rf2 40. Nd4 Rxg2+ 41. Kh3 Rxb2 42. Rh6+ Ke5 43. Nxc6+ Kxf5 44. Rh5+ Kg6 45. Rd5 Nf6 46. Rc5 Rxa2 47. Ne5+ Kh6 48. Rxb5 Rxa3+ 49. Kg2 c3 50. Rc5 Ne4 51. Rc4 Ra2+ 52. Kh3 c2 53. Kg4 Nd2 0-1

[Event "Schachfestival 2024-Open"]
[Site "Bad Woerishofen "]
[Date "2024.03.10"]
[Round "2.18"]
[White "Guttenthaler Franz"]
[Black "Hornung Hans Dr."]
[Result "1-0"]
[WhiteElo "2286"]
[BlackElo "1992"]
[Annotator "wempe"]
[PlyCount "66"]
[EventDate "2024.??.??"]
[WhiteTeam "SV Weilheim"]
[BlackTeam "SK Klosterlechfeld"]

{[%evp 0,66,30,30,22,6,6,6,24,25,18,22,45,6,14,15,3,3,26,15,16,1,31,-8,-12,-15,27,17,14,4,4,0,-5,-5,37,15,16,25,50,27,54,31,40,29,70,70,90,69,107,105,164,173,242,235,257,235,266,247,371,319,308,288,393,343,494,461,450,467,473]} 1. d4 Nf6 2. c4 e6 3. Nc3 Bb4 4. e3 c5 5. Nge2 b6 6. a3 Ba5 7. Rb1 Na6 8. Bd2 O-O 9. Nf4 Bxc3 10. Bxc3 Ne4 11. Rc1 Nxc3 12. Rxc3 d6 13. Qf3 Rb8 14. Bd3 f5 15. Qg3 Nc7 16. O-O e5 17. dxe5 dxe5 18. Nd5 Nxd5 19. cxd5 Qf6 20. Rd1 Bb7 21. e4 f4 22. Qf3 Rbd8 23. Be2 Bc8 24. b4 g5 25. Qh5 Kh8 26. bxc5 bxc5 27. Rxc5 f3 28. Qxf3 Qd6 29. Qc3 Bd7 30. Bb5 Bg4 31. f3 Bxf3 32. gxf3 Rxf3 33. Qxf3 Qxc5+ 1-0

[Event "Schachfestival 2024-Open"]
[Site "Bad Woerishofen "]
[Date "2024.03.10"]
[Round "2.19"]
[White "Kuehn Marvin"]
[Black "Dishman Stephen"]
[Result "0-1"]
[WhiteElo "1870"]
[BlackElo "2280"]
[Annotator "wempe"]
[PlyCount "94"]
[EventDate "2024.??.??"]
[WhiteTeam "SK Graefelfing"]
[BlackTeam "Bonnevoie"]

{[%evp 0,84,30,13,78,74,57,42,46,14,12,33,18,25,42,23,23,-1,-4,4,0,0,6,7,13,-23,-25,-25,-25,-20,-22,-21,-7,-30,-21,-25,-25,-25,-27,-43,-9,-39,-31,-34,-39,-54,-61,-70,-70,-95,-67,-71,-71,-116,-100,-113,-108,-90,-113,-119,-119,-127,-127,-123,-118,-192,-182,-116,-106,-104,-118,-118,-121,-126,-126,-141,-193,-208,-159,-197,-166,-239,-317,-241,-336,-353,-376]} 1. e4 c6 2. d4 d5 3. exd5 cxd5 4. c4 Nf6 5. Nc3 Nc6 6. Nf3 Bg4 7. cxd5 Nxd5 8. Qb3 Bxf3 9. gxf3 e6 10. Qxb7 Nxd4 11. Bb5+ Nxb5 12. Qxb5+ Qd7 13. Nxd5 exd5 14. Qxd7+ Kxd7 15. Be3 Bb4+ 16. Ke2 Rhc8 17. Rac1 a5 18. Kd3 Bd6 19. h3 Be5 20. Bd4 f6 21. Rhg1 g6 22. f4 Bxd4 23. Kxd4 Kd6 24. f5 Rxc1 25. Rxc1 Rb8 26. b3 Rb4+ 27. Ke3 Rh4 28. fxg6 Rxh3+ 29. Ke2 hxg6 30. Rc8 a4 31. b4 d4 32. b5 Ra3 33. b6 Rxa2+ 34. Kd3 Rb2 35. Ra8 Rxb6 36. Rxa4 Ke5 37. Ra5+ Kf4 38. Kxd4 Kf3 39. Ra2 Rd6+ 40. Kc5 Re6 41. Kd5 Re5+ 42. Kd4 g5 43. Ra6 Re4+ 44. Kd3 Rf4 45. Ra2 Kg2 46. Ke3 Rf3+ 47. Ke4 Rxf2 0-1